00676nam a2200205Ia 4500003000400000005001700004008004100021020001500062040001800077041000800095082002100103100002700124245004400151250001200195260004200207300002400249942003400273999001900307952014400326OSt20250107113948.0210716s1999 xx 000 0 und d a0373193793 cAIMIT LIBRARY aeng a808.83 21bJAMA aJames, Arlene.9192442 aGlass slipper bride /cBy Arlene James. a1st ed. aNew York :bSilhouette books ;c1999. a187p. ;bPBc17 cm. 2ddccBKe1st ed.k808.83 JAMA c199964d199964 00102ddc40708MBAaAIMITbAIMITd2021-07-16iBill no:; Bill dt:1900-01-00l0o808.83 JAMApMBA02529r2026-05-23 00:00:00w2021-07-16yBK